Aprovechamiento de los barcos de cabotaje chilenos

Saved in:
Bibliographic Details
Corporate Author: Universidad de Chile (Author)
Format: Book
Language:Spanish
Published: Santiago Universidad de Chile 1960
Series:Publicaciones, 30
Subjects:
Tags: Add Tag
No Tags, Be the first to tag this record!

MARC

LEADER 00000nam a2200000 a 4500
001 UCU6645
003 CL-VaPUC
008 960621e19600000CL |||||||||||||||||spa|d
082 0 4 |a 387.2  |b UNI  |2 21 
110 2 |a Universidad de Chile  |e author  |9 364946 
245 1 0 |a Aprovechamiento de los barcos de cabotaje chilenos 
300 |a 170 p 
942 |c BK 
945 |d 19960621 00:00:00  |a paguirre 
260 |a Santiago  |b Universidad de Chile  |c 1960 
650 7 |a TRANSPORTE  |2 CL-VaPUC  |9 256365 
650 0 |a Transporte marítimo  |9 260127 
650 7 |a BUQUES MERCANTES  |2 CL-VaPUC  |9 358741 
650 0 |a Transporte de mercancias  |9 358742 
583 |a last modification  |c 19960621 00:00:00  |k Rodrigo Vera 
490 0 |a Publicaciones, 30 
999 |c 249487  |d 249485 
952 |0 0  |1 0  |4 0  |6 387_200000000000000_UNI_1960  |7 0  |8 A  |9 266764  |a BIBING  |b BIBING  |d 2019-11-19  |i 1692585  |o 387.2 UNI 1960  |p 1692585  |r 2025-01-20  |w 2019-11-19  |y BK  |k TRA